[Event "Oceania-ch U20"]
[Site "Auckland"]
[Date "2019.01.11"]
[Round "8"]
[White "Cronin, Henry"]
[Black "Au, Alexander"]
[Result "0-1"]
[WhiteElo "1933"]
[BlackElo "1789"]
[PlyCount "123"]
[EventDate "2019.01.08"]
[EventType "swiss"]
[EventRounds "9"]
[EventCountry "NZL"]
[SourceTitle "EXT 2020"]
[Source "ChessBase"]
[SourceDate "2019.10.17"]
[SourceVersion "1"]
[SourceVersionDate "2019.10.17"]
[SourceQuality "1"]

1. e4 d5 2. exd5 Nf6 3. Bb5+ Nbd7 4. c4 a6 5. Bxd7+ Qxd7 6. d3 e6 7. dxe6 Qxe6+ 8. Ne2 Bd6 9. Nbc3 0-0 10. 0-0 b6 11. Bf4 Bb7 12. Qd2 Rad8 13. Rad1 Rfe8 14. h3 Nh5 15. Bxd6 Rxd6 16. Nf4 Nxf4 17. Qxf4 Qg6 18. Qg3 Qh5 19. Rfe1 Rf8 20. Re5 f5 21. Qe3 Rg6 22. g4 Rxg4+ 23. Kf1 Rh4 24. Re7 Rxh3 25. Qe6+ Kh8 26. Ke1 Bf3 27. Rc1 Qg5 28. Qe3 f4 29. Qe5 Qg1+ 30. Kd2 Qxf2+ 31. Ne2 Qxe2+ 32. Qxe2 Bxe2 33. Rxe2 Rd8 34. Kc2 Re3 35. Rxe3 fxe3 36. Re1 Re8 37. d4 g5 38. Kd3 h5 39. b4 g4 40. d5 e2 41. a4 g3 42. Rxe2 Rxe2 43. Kxe2 Kg7 44. d6 cxd6 45. a5 bxa5 46. b5 axb5 47. cxb5 a4 48. b6 a3 49. b7 a2 50. b8Q a1Q 51. Qc7+ Kg8 52. Qd8+ Kh7 53. Qe7+ Qg7 54. Qe4+ Qg6 55. Qe7+ Kg8 56. Qd8+ Kf7 57. Qd7+ Kf8 58. Qh3 Qg4+ 59. Qxg4 hxg4 60. Kf1 Kf7 61. Kg2 Kf6 62. Kxg3 0-1

[Event "Oceania-ch U20"]
[Site "Auckland"]
[Date "2019.01.08"]
[Round "2"]
[White "Vukikomoala, Semisi"]
[Black "Cronin, Henry"]
[Result "0-1"]
[WhiteElo "1512"]
[BlackElo "1933"]
[PlyCount "112"]
[EventDate "2019.01.08"]
[EventType "swiss"]
[EventRounds "9"]
[EventCountry "NZL"]
[SourceTitle "EXT 2020"]
[Source "ChessBase"]
[SourceDate "2019.10.17"]
[SourceVersion "1"]
[SourceVersionDate "2019.10.17"]
[SourceQuality "1"]

1. e4 d6 2. Nc3 Nf6 3. Bc4 g6 4. h3 Bg7 5. d3 0-0 6. Nf3 c5 7. Be3 Nc6 8. 0-0 e6 9. Qd2 Re8 10. Bg5 a6 11. a3 b5 12. Ba2 Qc7 13. Qf4 Nd7 14. Bh6 Nde5 15. Bxg7 Kxg7 16. Ne2 Bb7 17. Nh2 Nd4 18. Nxd4 cxd4 19. Rac1 Rac8 20. Ng4 Nxg4 21. Qxg4 Qc6 22. f4 f5 23. exf5 exf5 24. Qg5 Re2 25. Rf3 Rxg2+ 26. Qxg2 Qxf3 27. Qxf3 Bxf3 28. Kf2 Bb7 29. Bb3 Re8 30. Re1 Rxe1 31. Kxe1 Kf6 32. h4 Bf3 33. c3 dxc3 34. bxc3 h6 35. Kf2 Bc6 36. Kg3 Bb7 37. d4 Bc6 38. Ba2 Bd7 39. d5 Bc8 40. c4 Bb7 41. Bb3 Bc8 42. Ba2 Bd7 43. Bb3 bxc4 44. Bxc4 Bb5 45. Bb3 Bd3 46. Ba4 Bc4 47. Bc6 Ke7 48. Kf3 Bb5 49. Bxb5 axb5 50. Ke3 Kf6 51. Kf3 g5 52. hxg5+ hxg5 53. fxg5+ Kxg5 54. Kg3 f4+ 55. Kf2 Kf5 56. Kf3 Ke5 0-1